Programa Baul de Girasoles. Entrevista a Wim Dierkxsens
Guardado en:
| Hovedforfatter: | |
|---|---|
| Institution som forfatter: | |
| Andre forfattere: | |
| Format: | Texto |
| Sprog: | Spanish |
| Udgivet: |
San José:
UCR. Canal 15
|
| Fag: | |
| Tags: |
Tilføj Tag
Ingen Tags, Vær først til at tagge denne postø!
|
MARC
| LEADER | 00000 a a2200000 04500 | ||
|---|---|---|---|
| 001 | 30264 | ||
| 003 | cru CIDCACS/IIS | ||
| 005 | 20170921090610.0 | ||
| 008 | 170920b2002 cr ||||| |||| 00| 0 spa d | ||
| 999 | |c 2722 |d 2722 | ||
| 040 | |c cru CIDCACS/IIS | ||
| 090 | |a RE 01.02.07 F778p | ||
| 100 | |a Fournier, Marco Vinicio | ||
| 110 | |a UCR. Canal 15 | ||
| 245 | |a Programa Baul de Girasoles. |b Entrevista a Wim Dierkxsens |c Marco Vinicio Fournier | ||
| 260 | |a San José: |b UCR. Canal 15 | ||
| 300 | |a 3 horas 48 minutos | ||
| 500 | |a Forma parte de la mesa redonda "Un año después de los atentados a las torres gemelas" en el que se entrevista el especialista Win Dierkxsen, el cual no pudo estar presente en dicha actividad | ||
| 650 | 1 | 0 | |9 845 |a TERRORISMO |
| 650 | 4 | |9 3217 |a PROBLEMAS POLITICOS | |
| 650 | 1 | 0 | |9 839 |a PROBLEMAS SOCIALES |
| 650 | 0 | |9 4740 |a NACIONALISMO | |
| 650 | 4 | |9 1933 |a CAMBIO SOCIAL | |
| 650 | 1 | 0 | |9 388 |a GLOBALIZACION |
| 700 | |a conductor | ||
| 942 | |2 ddc |c RE | ||
